000 00823nam a2200253Ia 4500
003 OSt
005 20220918165822.0
006 a|||||r|||| 00| 0
007 ta
008 220917b |||||||| |||| 00| 0 eng d
020 _a8173047251 (hbk)
_c750
024 _a233,256
037 _b163, 16/10/2007, Bharatiya Sahitya Bhavana
_cTextual
040 _aARTS
_cARTS
_beng
041 _2eng
_aeng
082 _aV211:594.M1, P7
100 _aHoover James W
_925609
245 0 _aMen without hats
_b Dialogue, discipline and discontent in the Madras Army, 1806-1807
260 _aNew Delhi
_bManohar Publishers India
_c2007
300 _a307p.
_ccm.
650 _aHISTORY
942 _hV211:594.M1, P7
_cTEXL
_2CC
999 _c131193
_d131193